000 00212 a2200097 4500
001 13924
100 _aHuxby Aldous
245 _aBrave New World
260 _aSydney
_bAngus & Robertson
_c
090 _c10892
_d10892
942 _aNUST-CAE
_cM
_c994
999 _c248997
_d248997